<?xml version="1.0" encoding="UTF-8"?><?xml-stylesheet type="text/xsl" href="static/style.xsl"?><OAI-PMH xmlns="http://www.openarchives.org/OAI/2.0/" xmlns:xsi="http://www.w3.org/2001/XMLSchema-instance" xsi:schemaLocation="http://www.openarchives.org/OAI/2.0/ http://www.openarchives.org/OAI/2.0/OAI-PMH.xsd"><responseDate>2026-06-04T21:20:56Z</responseDate><request verb="GetRecord" identifier="oai:riubu.ubu.es:10259/164" metadataPrefix="marc">https://riubu.ubu.es/oai/request</request><GetRecord><record><header><identifier>oai:riubu.ubu.es:10259/164</identifier><datestamp>2022-04-27T09:56:04Z</datestamp><setSpec>com_10259_2699</setSpec><setSpec>col_10259_2709</setSpec></header><metadata><record xmlns="http://www.loc.gov/MARC21/slim" xmlns:doc="http://www.lyncode.com/xoai" xmlns:xsi="http://www.w3.org/2001/XMLSchema-instance" xmlns:dcterms="http://purl.org/dc/terms/" xsi:schemaLocation="http://www.loc.gov/MARC21/slim http://www.loc.gov/standards/marcxml/schema/MARC21slim.xsd">
<leader>00925njm 22002777a 4500</leader>
<datafield tag="042" ind1=" " ind2=" ">
<subfield code="a">dc</subfield>
</datafield>
<datafield tag="720" ind1=" " ind2=" ">
<subfield code="a">García Fueyo, Beatriz</subfield>
<subfield code="e">author</subfield>
</datafield>
<datafield tag="260" ind1=" " ind2=" ">
<subfield code="c">2011</subfield>
</datafield>
<datafield tag="520" ind1=" " ind2=" ">
<subfield code="a">Alonso Antonio de San Martín (1642-1705), carecía de una biografía contrastada, por lo que en la tesis ha sido objeto de un estudio histórico-biográfico, a través de documentos manuscritos e inéditos, especialmente lo relativo a los padres biológicos y adoptivos, y su actividad como abad de Alcalá la Real, obispo de Oviedo y Cuenca. Una vez hemos concretado el iter personal del prelado, analizamos algunas instituciones jurídicas que procedentes del Derecho romano que están vigentes en su biografía: la filiación ilegítima; dispensa de la irregularidad por nacimiento y la restitutio natalium romana, la jurisdicción episcopal basada en la episcopalis audientia del período posclásico romano, y algunos institutos de Derecho privado bien documentados, con especial análisis de la materia testamentaria, donde la restricción en la capacidad de disponer mortis causa de los obispos llega hasta el siglo XIX, y su origen se encuentra en Justiniano. _____________________ Alonso Antonio de San Martín (1642-1705), lacked a proven biography, so that the thesis has been the subject of a historical-biographical, through manuscripts and unpublished documents, especially with regard to biological and adoptive parents , and its activity as abbot of Alcalá la Real, Bishop of Oviedo and Cuenca. Once we finalized the staff iter prelate, we discuss some legal institutions from the Roman law in force in his biography: illegitimate filiation; waiver of the irregularity by birth and natalium restitutio Roman episcopal jurisdiction based on audientia episcopalis post-classical Roman period, and some private law schools well documented, with particular probate matter analysis, where the restriction on the ability to dispose mortis causa of the bishops come to the nineteenth century, and its origin is found in Justinian.</subfield>
</datafield>
<datafield tag="024" ind2=" " ind1="8">
<subfield code="a">http://hdl.handle.net/10259/164</subfield>
</datafield>
<datafield tag="024" ind2=" " ind1="8">
<subfield code="a">10.36443/10259/164</subfield>
</datafield>
<datafield ind1=" " ind2=" " tag="653">
<subfield code="a">Alonso Antonio de San Martín</subfield>
</datafield>
<datafield ind1=" " ind2=" " tag="653">
<subfield code="a">Biografía</subfield>
</datafield>
<datafield ind1=" " ind2=" " tag="653">
<subfield code="a">Siglo XVII</subfield>
</datafield>
<datafield ind1=" " ind2=" " tag="653">
<subfield code="a">Derecho romano</subfield>
</datafield>
<datafield ind1=" " ind2=" " tag="653">
<subfield code="a">Recepción</subfield>
</datafield>
<datafield ind1=" " ind2=" " tag="653">
<subfield code="a">Alonso Antonio de San Martín</subfield>
</datafield>
<datafield ind1=" " ind2=" " tag="653">
<subfield code="a">Biography</subfield>
</datafield>
<datafield ind1=" " ind2=" " tag="653">
<subfield code="a">Seventeenth century</subfield>
</datafield>
<datafield ind1=" " ind2=" " tag="653">
<subfield code="a">Roman law</subfield>
</datafield>
<datafield ind1=" " ind2=" " tag="653">
<subfield code="a">Reception</subfield>
</datafield>
<datafield tag="245" ind1="0" ind2="0">
<subfield code="a">Recepción de las instituciones romanas en la biografía de Alonso Antonio de San Martín, hijo de Felipe IV</subfield>
</datafield>
</record></metadata></record></GetRecord></OAI-PMH>